| 000 | 00375nam a2200121Ia 4500 | ||
|---|---|---|---|
| 008 | 180219s9999 xx 000 0 und d | ||
| 020 | _a9719245611 | ||
| 100 | _aGapuz, Ray A. | ||
| 245 | 4 |
_aThe ABC'S of psychiatric nursing : _bcore concepts for the nurse licensure exam |
|
| 250 | _a2nd ed | ||
| 260 |
_aErmita City _bR.A. Gapuz review center, Co _c2005 |
||
| 300 | _a158 pages | ||
| 999 |
_c355954 _d355954 |
||